Elle est bonne sa mere - Paroles - Ninho Vegedream - Statistiques

Statistiques générales
  • Ce quiz a été pris 239 fois
  • Le résultat moyen est 315 sur 453
Statistiques - réponses
Reponse % Correct
Elle
96%
elle
96%
elle,
96%
est
92%
bonne,
91%
bonne
91%
Bonne,
91%
la
91%
là,
91%
là)
91%
sur
91%
mère,
90%
mère
90%
sa
90%
à
89%
a
89%
de
88%
De
88%
piste
87%
du
86%
86%
mat'
85%
twerke
83%
le
81%
se
81%
un
81%
ce
80%
minuit
78%
On
77%
on
77%
avant
76%
(avant
76%
c'est
76%
dans
76%
J'te
76%
j'te
76%
pile,
76%
plus
74%
baby
73%
heures
73%
pas,
73%
pas
73%
récupère
73%
salaire
73%
J'ai
71%
j'ai
71%
que
71%
si
71%
son
71%
Son
71%
fin
70%
fin)
70%
les
70%
(N-I,
70%
N-I)
70%
N-I,
70%
N-I
70%
deux
69%
il
69%
Il
69%
matin
69%
matin)
69%
matin,
69%
fait
68%
maintenant,
68%
six
67%
(six
67%
veut
67%
bientôt
66%
(bientôt
66%
mille
66%
Nicki
66%
66%
au
65%
rose,
65%
contrôle
64%
et
64%
Pé',
64%
ressemble
64%
carré
63%
liasse
63%
missile
63%
s'ra
63%
500,
62%
dix
62%
Dix
62%
eu'
62%
eu',
62%
vêtue
62%
Demain,
61%
En
61%
k
61%
sont
61%
J'claque
60%
moi,
60%
poignet
60%
twerker,
60%
bikini,
59%
Regarder
59%
retourner
59%
soir,
59%
d'permis
58%
blindés
57%
l'club
56%
tous
56%
Une
56%
une
56%
vie
56%
bonhommes
55%
cocaina
55%
Donc
55%
j't'explique
55%
kidnappe
55%
Rollie
55%
Appelle
54%
Chanel
54%
forcément
54%
Pour
54%
pour
54%
Toute
54%
condés,
53%
jean,
51%
Jean
51%
jean
51%
riches
51%
d'ma
50%
j'évite
50%
avec
49%
payé
49%
assez
48%
Rolex
48%
l'hôtel
47%
shtar
47%
soirée
47%
attentat
46%
finale
46%
bif
45%
(bif
45%
j'vais
45%
boule,
44%
Oh,
44%
(oh,
44%
pendant
44%
y
44%
tu
43%
Casio,
42%
doublé
42%
fiancer
42%
réseaux,
42%
tellement
42%
cadenasser
41%
comme
41%
d'un
41%
Eh,
41%
eh,
41%
eh
41%
l'effet
41%
parfaitement
40%
remplit
40%
MasterCard
39%
faut
38%
J'marque
38%
ne
37%
Bourré
36%
chauffer
36%
Dom
36%
faire
36%
Quand
36%
Vingt
36%
aiguille,
35%
crade
34%
Talons
34%
connaît
32%
t'façon,
32%
Billie
31%
dépenses
31%
whisky-coca
30%
d'Iblis
29%
serrer,
29%
verres
29%
d'raison
28%
l'approcher
28%
voulait
28%
physio'
27%
marche,
25%
s'allume
25%
Hey,
24%
Many
22%
pisse
22%
sol
21%
Gina
19%
sale)
18%
divorcer
15%
folle,
12%
fonce-dé,
12%
Vege-Vege,
6%
twerek
2%
Aucun quiz correspondant
Distribution des résultats
% des personnes avec chaque résultat
Percentile par nombre de réponses
Votre historique - résultats
Vous n’avez pas pris ce quiz